| 000 | 01210cam a22003011i 4500 | ||
|---|---|---|---|
| 003 | SA-RiAUC | ||
| 005 | 20250915071959.0 | ||
| 008 | 250910s1988 le g b 001 p ara c | ||
| 040 |
_aQA-DoQUL _bara _cSA-RiAUC _erda |
||
| 082 | 0 | 4 | _a811.84 |
| 090 |
_a811.84 _bا ب ن م |
||
| 100 | 1 |
_aابن معصوم، علي بن أحمد بن محمد، _d1052-1119 هجري _eمؤلف. |
|
| 245 | 1 | 0 |
_aديوان ابن معصوم / _cتحقيق شاكر هادي شكر. |
| 250 | _aالطبعة الأولى. | ||
| 264 | 1 |
_aبيروت : _bعالم الكتب للطباعة والنشر، _c1988. |
|
| 300 |
_a671 صفحة ؛ _c24 سم |
||
| 336 |
_aنص _btxt _2rdacontent _3كتاب |
||
| 337 |
_aبدون وسيط _bn _2rdamedia |
||
| 338 |
_aمجلد _bnc _2rdacarrier |
||
| 500 | _aكشاف قصائد الديوان ومقطعاته. | ||
| 500 | _aكشاف الأعلام : صفحة 664-670. | ||
| 504 | _aيشتمل على إرجاعات ببليوجرافية. | ||
| 590 | _aعمر. | ||
| 650 | 7 |
_aالشعر العربي _yالحكم العثماني _2aucsh |
|
| 700 | 1 |
_aشكر، شاكر هادي، _d1907-1992 _eمحقق. |
|
| 942 |
_2ddc _cBOOK _n0 |
||
| 949 |
_aSA-JeALM _d250910 _umohamedma123 _n1 |
||
| 999 |
_c11754 _d11754 |
||